000
00303nam a22001337a 4500
008
181217b xxu||||| |||| 00| 0 eng d
020
_a
9780764563935
041
_a
eng
080
_a
370
100
_a
47
101
_a
EDU
245
_a
Wriitng Grmmar Usage And Style
_c
James .M
942
_2
udc
_c
BK
999
_c
53162
_d
53162